00733cam a22002297a 4500003000500000005001700005008004100022010001000063011001000073035001000083040000900093082001700102110008200119245009300201260004300294300003100337490001900368650003600387700003100423700003000454830001900484CHAP20220329140832.0971013s1973 r 00010 d a58372 a59344 a63502 cCHAP a634.9285bU5 aUnidad Industrial de Explotación Forestal de San Rafael. San Rafael, Méx.13aEl inventario forestal contínuo en la Unidad Forestal de San Rafaelb: primera memoria aSan Rafael, Méx. :bLa Unidad,c1973 a132 p.b: ilus. ; apénd. 0aBoletínv; 314aBosquesxInventariosxMéxico.0 aBurgos Martínez, Felipe.0 aCaballero Deloya, Miguel.0 aBoletínv; 3